000 00564pab a2200193 454500
008 180718b2011 xxu||||| |||| 00| 0 eng d
100 _aMilligan, Michael A.
245 _aThe effects of international remittance income on child education and child labour: Evidence from Nepal
260 _c2011
300 _ap.519-541.
362 _aJan
650 _aEarly childhood education - Nepal
650 _aChild labour - Nepal
650 _aChild labour
700 _aBohara, Alok K.
773 _aIndian Journal of Economics
908 _aN
909 _a93068
999 _c93068
_d93068